00375nam a2200133 a 45000010010000000030011000100080041000210350026000620820014000881000024001022450034001262600046001606500035002060000-8735ELIB.Books110520 1974  a(ELIB.Books)0000-8881 a241 bGus aGustafson, James M. aTheology and Christian Ethics bPhiladelphia: A Pilgrim Press Book c1974 aDictionary of Christian Ethics